| 000 | 00787nam a2200229 4500 | ||
|---|---|---|---|
| 001 | 292205 | ||
| 005 | 19700216000000.0 | ||
| 008 | 700210s1969 ilua b 001 0 eng | ||
| 010 | _a 70082378 | ||
| 040 |
_aDLC _cDLC _dDLC |
||
| 050 | 0 | 0 |
_aTN665 _b.A44 |
| 082 | 0 | 0 |
_a669 _220 _bALL |
| 100 | 1 |
_aAllen, Dell K. _97383 |
|
| 245 | 1 | 0 |
_aMetallurgy theory and practice _c[by] Dell K. Allen. |
| 260 |
_aChicago, _bAmerican Technical Society _c[1969] |
||
| 300 |
_a663 p. _billus. _c24 cm. |
||
| 500 | _aIncluding Index. | ||
| 504 | _aIncludes bibliographies. | ||
| 650 | 0 |
_aMetallurgy. _97384 |
|
| 942 |
_2ddc _cBB |
||
| 999 |
_c12155 _d12155 |
||